Svět podle Condoleezzy Riceové: Cestou teorie demokratického míru směrem ke konci dějin, nikoli střetu civilizací

Základné východisko teórie demokratického mieru. Stratégia predpísaná teóriou demokratického mieru. Prípad bývalého amerického prezidenta Ronalda Reagana ako prípadová štúdia. Konferencia k 20. výročiu rozpadu Varšavskej zmluvy. Relevancia niektorých argumentov z konferencie z pohľadu teórie demokra...

ver descrição completa

Na minha lista:
Detalhes bibliográficos
Autor principal: Lizec, Bořek
Formato: Capítulo de Livro
Idioma:tcheco
Assuntos:
Tags: Adicionar Tag
Sem tags, seja o primeiro a adicionar uma tag!

MARC

LEADER 00000naa a2200000 4500
001 0137166
005 20231016094506.7
041 0 |a cze 
044 |a CZ 
245 1 0 |a Svět podle Condoleezzy Riceové: Cestou teorie demokratického míru směrem ke konci dějin, nikoli střetu civilizací  |c Bořek Lizec 
520 |a Základné východisko teórie demokratického mieru. Stratégia predpísaná teóriou demokratického mieru. Prípad bývalého amerického prezidenta Ronalda Reagana ako prípadová štúdia. Konferencia k 20. výročiu rozpadu Varšavskej zmluvy. Relevancia niektorých argumentov z konferencie z pohľadu teórie demokratického mieru. Tri oporné piliere demokratického mieru. Transatlantické zhody a nezhody. Blízky východ a slobodná voľba. Perspektívy vývoja v 21. storočí. 
610 2 0 |a politika medzinárodná 
610 2 0 |a vzťahy medzinárodné 
610 2 0 |a politika svetová 
610 2 0 |a vývoj 
610 2 0 |a demokracia 
610 2 0 |a liberalizmus 
610 2 0 |a dejiny 
610 2 0 |a svet 
100 1 |a Lizec, Bořek